| 000 | 00854nab a2200277 4500 | ||
|---|---|---|---|
| 003 | BR-BrBNA | ||
| 005 | 20250709172229.0 | ||
| 008 | 250709b bl.||||| |||| 00| 0 por d | ||
| 040 |
_aBR-BrBNA _bpor |
||
| 072 | _aL70 ; L20 ; E13 ; E70 | ||
| 100 | _aTaguchi, Viviane | ||
| 245 |
_aOs florais de "boi" _bAgrotecnologia |
||
| 500 | _a1 illus. | ||
| 650 | _aGADO | ||
| 650 | _aHOMEOPATIA | ||
| 650 | _aMEDICAMENTO HOMEOPÁTICO | ||
| 650 | _aTERAPIA | ||
| 650 | _aVETERINÁRIA PREVENTIVA | ||
| 650 | _aSTRESS | ||
| 650 | _aMANEJO | ||
| 650 | _aCUSTO DE PRODUÇÃO | ||
| 650 | _aRENTABILIDADE | ||
| 773 | 0 |
_01706 _9347917 _dSão Paulo-SP Editora Três Ltda - E-mail: luizfsa@revistadinheiro.com.br 2004 _o2025-0416 _tDinheiro Rural (Brazil) _x1807-3700 _gv. 6(69) p. 42; (Jul 2010) _wBR2025003754 |
|
| 942 | _cANA | ||
| 999 |
_c332753 _d332753 |
||